书目信息 |
| 题名: |
初中必刷题
|
|
| 作者: | 杨文彬 主编 | |
| 分册: | 上册 生物 | |
| 出版信息: | 北京 开明出版社 2024 |
|
| 页数: | 46页 | |
| 开本: | 30cm | |
| 丛书名: | ||
| 单 册: | ||
| 中图分类: | G634 , G634.915 | |
| 科图分类: | ||
| 主题词: | 生物课--初中--习题集 | |
| 电子资源: | ||
| ISBN: | 978-7-5131-6808-3 | |
| 000 | 00690nam0 2200229 450 | |
| 001 | 012024000338 | |
| 005 | 20241118232530.0 | |
| 010 | @a978-7-5131-6808-3@dCNY0.00 (附赠) | |
| 100 | @a20241118d2024 demy0chiy50 ea | |
| 101 | 0 | @achi |
| 102 | @aCN@b110000 | |
| 105 | @aa q 000yy | |
| 106 | @ar | |
| 200 | 1 | @a初中必刷题@Achu zhong bi shua ti@e狂K重点@i生物@i八年级@h上册@f杨文彬主编 |
| 210 | @a北京@c开明出版社@d2024 | |
| 215 | @a46页@c图@d30cm | |
| 606 | 0 | @a生物课@x初中@j习题集 |
| 690 | @aG634@v5 | |
| 690 | @aG634.915@v5 | |
| 701 | 0 | @a杨文彬@Ayang wen bin@4主编 |
| 801 | 0 | @aCN@bAHXH@c20241118 |
| 905 | @b214191578@b214191587@b214191596@b214191603@b214191612@dG634@e5227@f5 | |
| 初中必刷题:狂K重点.生物.八年级.上册/杨文彬主编.-北京:开明出版社,2024 |
| 46页:图;30cm |
| ISBN 978-7-5131-6808-3:CNY0.00 (附赠) |
| ● |
| 相关链接 |
|
|
|
|
正题名:初中必刷题
索取号:G634/5227
 
预约/预借
| 序号 | 登录号 | 条形码 | 馆藏地/架位号 | 状态 | 备注 |
| 1 | 1419157 | 214191578 | 第一样本阅览室/ [索取号:G634/5227] | 在馆 | |
| 2 | 1419158 | 214191587 | 第四借阅区/ [索取号:G634/5227] | 在馆 | |
| 3 | 1419159 | 214191596 | 第四借阅区/ [索取号:G634/5227] | 在馆 | |
| 4 | 1419160 | 214191603 | 第四借阅区/ [索取号:G634/5227] | 在馆 | |
| 5 | 1419161 | 214191612 | 第四借阅区/ [索取号:G634/5227] | 在馆 |